000 00790nab a2200241u 4500
001 07980
003 HDC
007 c| |||a|c|aaaa
008 210129b20170224my ||||| |||| 00| 0 may d
040 _aHDC
100 _aSayed Hesham Idris
_eauthor
_98486
245 0 _aGEB tingkatkan eksport PKS bumiputera /
_cSayed Hesham Idris
336 _atext
_2rdacontent
337 _acomputer
_2rdamedia
338 _aonline resource
_2rdacarrier
650 _aGalakan Eksport Bumiputera (GEB)
_98487
650 _aMATRADE
_97716
710 _aUtusan Malaysia
856 _zRequest full-text at [email protected]
942 _2lcc
942 _cNEWS
942 _kNWSC 001446
999 _c5303
_d5303